Loading...
| History - Other History | 1 | 2 | 0 | 0 | 35 | 63 | 91.67 | 1 | 2 |
| History - World History | 0 | 2 | 0 | 1 | 20 | 98 | 114.50 | 0 | 1 |
| Beliefs - Mythology | 0 | 2 | 0 | 0 | 20 | 106 | 111.50 | 0 | 1 |
| Other - Pop Culture | 0 | 2 | 0 | 0 | 20 | 106 | 116.00 | 0 | 1 |
| Arts - Music | 1 | 0 | 0 | 0 | 15 | 37 | 37.00 | 0 | 1 |
| Beliefs - Religion | 1 | 0 | 0 | 0 | 15 | 39 | 39.00 | 1 | 1 |
| Literature - British Lit | 1 | 0 | 0 | 0 | 15 | 29 | 29.00 | 1 | 1 |
| Literature - Euro Lit | 1 | 0 | 0 | 0 | 15 | 40 | 40.00 | 1 | 1 |
| Thought - Philosophy | 0 | 1 | 0 | 1 | 10 | 125 | 125.00 | 0 | 0 |
| Other - Geo/CE | 0 | 1 | 0 | 0 | 10 | 98 | 98.00 | 0 | 0 |
| Arts - Painting | 0 | 1 | 0 | 0 | 10 | 128 | 128.00 | 0 | 1 |
| Science - Chemistry | 0 | 1 | 0 | 0 | 10 | 97 | 97.00 | 1 | 1 |
| Other - Other Academic | 0 | 1 | 1 | 0 | 5 | 110 | 110.00 | 0 | 0 |
| History - Euro History | 0 | 0 | 3 | 0 | -15 | 0.00 | 0 | 0 |